Capitals with letter I as Second Letter - Statistics

General Stats
  • This quiz has been taken 197 times
    193 since last reset
  • The average score is 17 of 25
Answer Stats
Capital % Correct
Vienna
83%
Lisbon
82%
Vilnius
81%
Lima
80%
Riga
80%
Minsk
79%
Dili
74%
Tirana
74%
Kiev
72%
Kigali
69%
Singapore
69%
Kinshasa
67%
Vientiane
67%
Bishkek
66%
Windhoek
65%
Kingston
64%
Kingstown
64%
Riyadh
63%
Niamey
60%
Lilongwe
56%
Nicosia
53%
Gitega
50%
Bissau
49%
Victoria
47%
Libreville
45%
No matching quizzes found
Score Distribution
Percent of People with Each Score
Percentile by Number Answered
Your Score History
You have not taken this quiz since the last reset